000 00462nam a2200193Ia 4500
005 20240823044703.0
008 240823s9999||||xx |||||||||||||| ||und||
020 _a0-7069-9101-X
041 _aENGLISH
082 _A301 P4
100 _aMakhan Jha
245 3 _aAn Introduction to Social Anthropology
250 _a1st
260 _c2004
_bVikas Publishing
500 _aYES
650 _aSocial Anthropology
_bGeneral
942 _cBK
999 _c213192
_d213192